000
00307nam a22001337a 4500
008
170608b xxu||||| |||| 00| 0 eng d
020
_a
9780345383044
041
_a
eng
080
_a
327
100
_a
18
101
_a
SHH
245
_a
TERRORISM CHALLENGE TO DEMOCRACY
_c
BARBER.B.R
942
_2
udc
_c
BK
999
_c
16454
_d
16454